[Event "Liga Vasca 2009 - 1D"]
[Site "País Vasco ESP"]
[Date "2009.02.07"]
[Round "4.23"]
[White "Hernandez Lopez, Daniel"]
[Black "Argandoña Riveiro, Jon"]
[Result "0-1"]
[WhiteElo "1978"]
[BlackElo "1988"]
[PlyCount "78"]
[EventDate "2009.01.10"]
[EventType "team"]
[EventRounds "9"]
[EventCountry "ESP"]
[Source "lmi"]
[SourceDate "2009.01.10"]
[WhiteTeamCountry "ESP"]

1. e4 d6 2. d4 Nf6 3. Nc3 e5 4. dxe5 dxe5 5. Qxd8+ Kxd8 6. Bc4 Be6 7. Bxe6 fxe6
8. Nf3 Bd6 9. Be3 Nbd7 10. O-O a6 11. a4 Ke7 12. Rfd1 Rad8 13. a5 Rhe8 14. Ne1
h6 15. f3 Nb8 16. Nd3 Nc6 17. Nc5 Rb8 18. Ne2 Nh5 19. Kf2 Nf4 20. c3 Rf8 21.
Nc1 g5 22. N1d3 g4 23. Nb3 gxf3 24. gxf3 Rg8 25. Nxf4 exf4 26. Bc5 Rg5 27.
Bxd6+ cxd6 28. Rg1 Rb5 29. Nd2 Rxb2 30. Ke2 Ne5 31. Rg7+ Kf6 32. Rh7 Rg8 33.
Rxh6+ Kf7 34. Rh7+ Kf8 35. Rd1 Rg2+ 36. Ke1 Nd3+ 37. Kf1 Rgxd2 38. Rxd2 Rxd2
39. Rxb7 Nc5 0-1

[Event "Liga Vasca 2009 - 1D"]
[Site "País Vasco ESP"]
[Date "2009.02.07"]
[Round "4.24"]
[White "Salterain Gonzalez, Galder"]
[Black "Tung, Kai Ming"]
[Result "0-1"]
[WhiteElo "1984"]
[BlackElo "1936"]
[PlyCount "136"]
[EventDate "2009.01.10"]
[EventType "team"]
[EventRounds "9"]
[EventCountry "ESP"]
[Source "lmi"]
[SourceDate "2009.01.10"]
[WhiteTeamCountry "ESP"]

1. e4 e6 2. d3 d5 3. Nd2 Nf6 4. Ngf3 c5 5. g3 g6 6. Bg2 Bg7 7. O-O O-O 8. Re1
Nc6 9. c3 dxe4 10. dxe4 Qc7 11. Nc4 Rd8 12. Qc2 b5 13. Bf4 Qe7 14. Nd6 e5 15.
Nxc8 Raxc8 16. Be3 Nd4 17. Qd1 Ne6 18. Qc2 Nd4 19. Qb1 Nxf3+ 20. Bxf3 Rc7 21.
Qc2 h5 22. Bg5 Kh7 23. Rad1 Rxd1 24. Rxd1 Bh6 25. Bxh6 Kxh6 26. Qd2+ Kg7 27.
Qd6 Qxd6 28. Rxd6 c4 29. Kf1 Nd7 30. Bd1 Nc5 31. Bc2 Kf8 32. Ke2 Ke7 33. Rd5 f6
34. Kd2 a6 35. Ke3 Rc8 36. f4 Nd7 37. Bd1 Rb8 38. a3 Ra8 39. Be2 Rc8 40. Bd1
Rc7 41. f5 gxf5 42. exf5 Rc8 43. Bxh5 Rh8 44. g4 Nb6 45. Rd2 Na4 46. h4 Nc5 47.
Kf3 Nd3 48. Kg3 Kd6 49. Bf7 e4 50. a4 Ke5 51. axb5 axb5 52. b3 cxb3 53. Bxb3
Rc8 54. Rc2 Nc5 55. Ba2 Rd8 56. h5 Rd3+ 57. Kg2 Kf4 58. h6 Kxg4 59. h7 Rg3+ 60.
Kf1 Rh3 61. Bg8 e3 62. Ke2 Kf4 63. Kf1 Kxf5 64. Rg2 Kf4 65. Ke2 f5 66. Rg7 Rh2+
67. Kf1 e2+ 68. Kg1 Rxh7 0-1

[Event "Liga Vasca 2009 - 1D"]
[Site "País Vasco ESP"]
[Date "2009.02.07"]
[Round "4.33"]
[White "Wu Martin, Eneko"]
[Black "Prieto Aranguren, Alain"]
[Result "1-0"]
[WhiteElo "2058"]
[BlackElo "2168"]
[PlyCount "47"]
[EventDate "2009.01.10"]
[EventType "team"]
[EventRounds "9"]
[EventCountry "ESP"]
[Source "lmi"]
[SourceDate "2009.01.10"]
[WhiteTeamCountry "ESP"]

1. e4 c6 2. d4 d5 3. Nc3 dxe4 4. Nxe4 Bf5 5. Ng3 Bg6 6. h4 h6 7. N1e2 e6 8. Nf4
Bh7 9. Bc4 Nf6 10. O-O Nd5 11. Qg4 Nf6 12. Qd1 Nd5 13. Qg4 Nf6 14. Qe2 Nd5 15.
Re1 Nxf4 16. Bxf4 Be7 17. Qg4 Bf6 18. Rxe6+ fxe6 19. Qxe6+ Qe7 20. Qc8+ Qd8 21.
Re1+ Be7 22. Rxe7+ Kxe7 23. Qe6+ Kf8 24. Qf7# 1-0

[Event "Liga Vasca 2009 - 1D"]
[Site "País Vasco ESP"]
[Date "2009.02.07"]
[Round "4.34"]
[White "Garitaonaindia Areitio, Iker"]
[Black "Rodriguez Gonzalez, Alex"]
[Result "0-1"]
[WhiteElo "1896"]
[BlackElo "2039"]
[PlyCount "93"]
[EventDate "2009.01.10"]
[EventType "team"]
[EventRounds "9"]
[EventCountry "ESP"]
[Source "lmi"]
[SourceDate "2009.01.10"]
[WhiteTeamCountry "ESP"]

1. e4 g6 2. d4 Bg7 3. Nf3 c5 4. c3 Qc7 5. Be3 Nf6 6. Nbd2 d6 7. Be2 b6 8. O-O
O-O 9. Rc1 Bb7 10. Bd3 Nbd7 11. Re1 e5 12. d5 Nh5 13. Nh4 Nf4 14. Bf1 f5 15. g3
Nxd5 16. exd5 f4 17. Ne4 fxe3 18. Rxe3 Bh6 19. Qg4 Nf6 20. Qe6+ Kg7 21. Nxd6
Bxe3 22. fxe3 Bxd5 23. Qxe5 Qd7 24. Rd1 Qe6 25. Qg5 Kh8 26. c4 Be4 27. Nxe4
Qxe4 28. Bg2 Qg4 29. Qxg4 Nxg4 30. Bxa8 Rxa8 31. Ng2 Re8 32. Re1 Ne5 33. Rc1
Nf3+ 34. Kh1 Rd8 35. a3 Rd2 36. b4 Ra2 37. bxc5 bxc5 38. h4 Rxa3 39. e4 a5 40.
Ne1 Nd2 41. e5 Rxg3 42. Rc2 Re3 43. Rxd2 Rxe1+ 44. Kg2 Rxe5 45. Kf3 Rf5+ 46.
Kg4 h5+ 47. Kg3 0-1

[Event "Liga Vasca 2009 - 1D"]
[Site "País Vasco ESP"]
[Date "2009.02.07"]
[Round "4.41"]
[White "Fernandez de Pinedo, Jose Angel"]
[Black "Alcaide Luque, Aitor"]
[Result "0-1"]
[WhiteElo "1966"]
[BlackElo "2108"]
[PlyCount "86"]
[EventDate "2009.01.10"]
[EventType "team"]
[EventRounds "9"]
[EventCountry "ESP"]
[Source "lmi"]
[SourceDate "2009.01.10"]
[WhiteTeam "Egidazu"]
[BlackTeam "Arlutz"]
[WhiteTeamCountry "ESP"]
[BlackTeamCountry "ESP"]

1. e4 e6 2. d4 d5 3. e5 c5 4. c3 Qb6 5. Nf3 Bd7 6. a3 cxd4 7. cxd4 Bb5 8. Bxb5+
Qxb5 9. Nc3 Qc4 10. Be3 Nh6 11. Bxh6 gxh6 12. Qa4+ Qxa4 13. Nxa4 Nc6 14. O-O
Rc8 15. Rac1 b6 16. g3 Kd7 17. Kg2 Bg7 18. b4 f6 19. Rfe1 fxe5 20. dxe5 Rhf8
21. Nb2 h5 22. b5 Na5 23. Rxc8 Rxc8 24. Nd4 Rc3 25. a4 Nc4 26. Nxc4 Rxc4 27.
Nc6 Rxa4 28. f4 a5 29. Rc1 Rc4 30. Rxc4 dxc4 31. Nd4 a4 32. Nc2 Bf8 33. Kf3 a3
34. h3 a2 35. Ke3 Ba3 36. Kd4 Bb2+ 37. Kxc4 a1=Q 38. Nxa1 Bxa1 39. Kd3 Ke7 40.
Ke4 Bc3 41. g4 hxg4 42. hxg4 Bd2 43. f5 exf5+ 0-1

[Event "Liga Vasca 2009 - 1D"]
[Site "País Vasco ESP"]
[Date "2009.02.07"]
[Round "4.42"]
[White "Miguel Quintero, Antonio"]
[Black "Gomez Calvo, Jose Ricardo"]
[Result "1-0"]
[WhiteElo "2184"]
[BlackElo "1933"]
[PlyCount "81"]
[EventDate "2009.01.10"]
[EventType "team"]
[EventRounds "9"]
[EventCountry "ESP"]
[Source "lmi"]
[SourceDate "2009.01.10"]
[WhiteTeam "España"]
[BlackTeam "España"]
[WhiteTeamCountry "ESP"]
[BlackTeamCountry "ESP"]

1. d4 d5 2. c4 e6 3. Nc3 Nf6 4. Bg5 Be7 5. e3 Nbd7 6. cxd5 exd5 7. Bd3 c6 8.
Nge2 Nh5 9. Nf4 Bxg5 10. Nxh5 g6 11. Ng3 h5 12. Qc2 h4 13. Nge2 f5 14. b4 a6
15. O-O Nf6 16. h3 Qd6 17. Na4 Bd7 18. Qc5 Qc7 19. Nb6 Rd8 20. a4 Kf7 21. b5
axb5 22. axb5 Rhe8 23. Nc3 Be6 24. Ra7 Re7 25. bxc6 Qxc6 26. f4 Qxc5 27. dxc5
Bh6 28. Nb5 Ne4 29. Bxe4 dxe4 30. Nd6+ Kg8 31. Rxb7 Rxb7 32. Nxb7 Rd3 33. c6
Rxe3 34. Nc5 Rc3 35. Nba4 Rc4 36. Nxe6 Rxc6 37. Nac5 Rd6 38. Rb1 Kf7 39. Rb7+
Kg8 40. Rb8+ Kf7 41. Rh8 1-0

[Event "Liga Vasca 2009 - 1D"]
[Site "País Vasco ESP"]
[Date "2009.02.14"]
[Round "5.21"]
[White "Libiszewski, Fabien"]
[Black "Nava Pereda, Carlos"]
[Result "1-0"]
[WhiteElo "2481"]
[BlackElo "2288"]
[PlyCount "73"]
[EventDate "2009.01.10"]
[EventType "team"]
[EventRounds "9"]
[EventCountry "ESP"]
[Source "lmi"]
[SourceDate "2009.01.10"]
[WhiteTeam "España"]
[BlackTeam "España"]
[WhiteTeamCountry "ESP"]
[BlackTeamCountry "ESP"]

1. e4 c5 2. Nf3 Nc6 3. Bb5 d6 4. O-O Nf6 5. Re1 Bd7 6. c3 a6 7. Bf1 Bg4 8. d4
cxd4 9. cxd4 e5 10. d5 Nd4 11. Nbd2 Rc8 12. Bd3 Be7 13. h3 Nxf3+ 14. Nxf3 Bh5
15. a4 O-O 16. a5 Bg6 17. b4 Ne8 18. b5 axb5 19. Bxb5 Nc7 20. Qb3 f5 21. Nxe5
Nxb5 22. Nxg6 Nd4 23. Nxe7+ Qxe7 24. Qb6 Nc2 25. Ba3 Nxe1 26. Rxe1 Qg5 27. Bxd6
Rfe8 28. Bc7 fxe4 29. d6 Qd5 30. Rb1 e3 31. fxe3 Kh8 32. Qb5 Re5 33. Qxd5 Rxd5
34. Rxb7 h5 35. a6 Rd1+ 36. Kh2 Ra8 37. Rb8+ 1-0

[Event "Liga Vasca 2009 - 1D"]
[Site "País Vasco ESP"]
[Date "2009.02.14"]
[Round "5.22"]
[White "Trigo Urquijo, Sergio"]
[Black "Hernandez, Elvis"]
[Result "1/2-1/2"]
[WhiteElo "2203"]
[BlackElo "2288"]
[PlyCount "120"]
[EventDate "2009.01.10"]
[EventType "team"]
[EventRounds "9"]
[EventCountry "ESP"]
[Source "lmi"]
[SourceDate "2009.01.10"]
[WhiteTeam "España"]
[BlackTeam "España"]
[WhiteTeamCountry "ESP"]
[BlackTeamCountry "ESP"]

1. e4 e6 2. d4 d5 3. Nc3 Bb4 4. Nge2 Nc6 5. a3 Ba5 6. e5 Nge7 7. Ng3 Bb6 8. Be3
O-O 9. Bd3 Nf5 10. Nxf5 exf5 11. Qf3 Nxd4 12. Qxd5 Be6 13. Qxd8 Rfxd8 14. O-O-O
a6 15. Rhe1 Rd7 16. Ne2 c5 17. Bxd4 cxd4 18. Nf4 Ba5 19. Re2 Rc8 20. Kb1 Kf8
21. g4 fxg4 22. Nxe6+ fxe6 23. Bxh7 Kf7 24. Bd3 Rh8 25. Rg1 Rxh2 26. Rxg4 Kf8
27. Bc4 Kf7 28. Rf4+ Ke7 29. Ree4 Bd2 30. Rg4 g5 31. Rxd4 Bf4 32. Rxd7+ Kxd7
33. f3 Rf2 34. Rg1 Bxe5 35. Rxg5 Bf6 36. Rg3 Kd6 37. Bd3 Ke5 38. Be4 b6 39. Rg8
Be7 40. b4 a5 41. bxa5 bxa5 42. Ra8 Kd4 43. Rxa5 Bf6 44. Ka2 Kc4 45. Ra4+ Kc5
46. Rb4 Rf1 47. Rb1 Rxb1 48. Kxb1 Bc3 49. Ka2 e5 50. Kb3 Ba5 51. c4 Bc7 52. Kc3
Ba5+ 53. Kd3 Bc7 54. Bf5 Bd6 55. Bd7 Bc7 56. Bb5 Ba5 57. Ke4 Bc3 58. a4 Kd6 59.
Kd3 Ba5 60. Ke3 Bb4 1/2-1/2

[Event "Liga Vasca 2009 - 1D"]
[Site "País Vasco ESP"]
[Date "2009.02.14"]
[Round "5.23"]
[White "Lakunza Oyarbide, Juan Carlos"]
[Black "Wu Martin, Eneko"]
[Result "0-1"]
[WhiteElo "2122"]
[BlackElo "2058"]
[PlyCount "74"]
[EventDate "2009.01.10"]
[EventType "team"]
[EventRounds "9"]
[EventCountry "ESP"]
[Source "lmi"]
[SourceDate "2009.01.10"]
[WhiteTeam "España"]
[BlackTeam "España"]
[WhiteTeamCountry "ESP"]
[BlackTeamCountry "ESP"]

1. d4 Nf6 2. c4 e5 3. dxe5 Ng4 4. Nf3 Nc6 5. e3 Ngxe5 6. Nxe5 Nxe5 7. Be2 Bb4+
8. Nc3 Bxc3+ 9. bxc3 O-O 10. O-O d6 11. f4 Nd7 12. Bf3 f5 13. Rb1 Rb8 14. e4
fxe4 15. Bxe4 Nc5 16. Bc2 Qf6 17. Rf3 Bf5 18. Be3 Bxc2 19. Qxc2 b6 20. f5 Qe5
21. Rbf1 Qe4 22. Qf2 Qxc4 23. f6 Rf7 24. Rf4 Qe6 25. Qf3 Nd3 26. Rf5 g6 27. Qg3
Ne5 28. Bh6 Nd7 29. R5f4 Re8 30. R4f2 Rxf6 31. h4 Rxf2 32. Qxf2 d5 33. Qd4 Ne5
34. Rf3 Nxf3+ 35. gxf3 Qe1+ 36. Kg2 Qe2+ 37. Kg3 Qe5+ 0-1

[Event "Liga Vasca 2009 - 1D"]
[Site "País Vasco ESP"]
[Date "2009.02.14"]
[Round "5.24"]
[White "Rodriguez Gonzalez, Alex"]
[Black "Segovia Sanchez, Antonio"]
[Result "0-1"]
[WhiteElo "2039"]
[BlackElo "2013"]
[PlyCount "68"]
[EventDate "2009.01.10"]
[EventType "team"]
[EventRounds "9"]
[EventCountry "ESP"]
[Source "lmi"]
[SourceDate "2009.01.10"]
[WhiteTeam "España"]
[BlackTeam "España"]
[WhiteTeamCountry "ESP"]
[BlackTeamCountry "ESP"]

1. e4 d5 2. exd5 Qxd5 3. Nc3 Qa5 4. d4 Nf6 5. Bc4 c6 6. Nge2 Bf5 7. Ng3 Bg6 8.
h4 h5 9. O-O e6 10. Nce2 Bd6 11. Nf4 Bxf4 12. Bxf4 Nbd7 13. Re1 Nd5 14. Bd6 Qd8
15. Bb3 N7b6 16. Ba3 Qxh4 17. c4 Nf6 18. d5 O-O-O 19. d6 Qg5 20. c5 Nbd7 21.
Ba4 h4 22. Bxc6 bxc6 23. Qa4 Nb8 24. Ne2 h3 25. Ng3 hxg2 26. Qa5 Rd7 27. Kxg2
Be4+ 28. Kf1 Bf3 29. Re3 Bd5 30. Rae1 Ng4 31. Rc3 Qf4 32. Rc2 Nxf2 33. Rxf2
Qxg3 34. Qb4 Qd3+ 0-1

[Event "Liga Vasca 2009 - 1D"]
[Site "País Vasco ESP"]
[Date "2009.02.14"]
[Round "5.31"]
[White "Martin Alvarez, Iñigo"]
[Black "Zulaika Centeno, Ander"]
[Result "1-0"]
[WhiteElo "2232"]
[BlackElo "2052"]
[PlyCount "79"]
[EventDate "2009.01.10"]
[EventType "team"]
[EventRounds "9"]
[EventCountry "ESP"]
[Source "lmi"]
[SourceDate "2009.01.10"]
[WhiteTeam "España"]
[BlackTeam "España"]
[WhiteTeamCountry "ESP"]
[BlackTeamCountry "ESP"]

1. e4 d5 2. exd5 Qxd5 3. Nc3 Qe5+ 4. Nge2 c6 5. d4 Qc7 6. g3 Bg4 7. Bg2 e6 8.
O-O Nf6 9. Bf4 Bd6 10. Qd2 Nbd7 11. Rfe1 O-O-O 12. Bxd6 Qxd6 13. Qe3 Nb6 14. a4
Bf5 15. a5 Nbd5 16. Nxd5 exd5 17. a6 b5 18. f3 Rde8 19. Qd2 Nd7 20. Nf4 Nb6 21.
b3 h6 22. Nd3 Bxd3 23. Bh3+ Kc7 24. Qxd3 Re7 25. Rxe7+ Qxe7 26. Qd2 Qd6 27. Re1
Kd8 28. Qe3 Nd7 29. Bxd7 Kxd7 30. c4 Rb8 31. c5 Qf8 32. Qf4 Re8 33. Qf5+ Kd8
34. Re5 Rxe5 35. Qxe5 Kd7 36. Kf2 g6 37. h4 f6 38. Qf4 Qg7 39. Qd6+ Kc8 40.
Qxc6+ 1-0

[Event "Liga Vasca 2009 - 1D"]
[Site "País Vasco ESP"]
[Date "2009.02.14"]
[Round "5.32"]
[White "Ladron De Guevara, Francisco Javier"]
[Black "Galarza Cenzano, Iñigo"]
[Result "0-1"]
[WhiteElo "2084"]
[BlackElo "2036"]
[PlyCount "72"]
[EventDate "2009.01.10"]
[EventType "team"]
[EventRounds "9"]
[EventCountry "ESP"]
[Source "lmi"]
[SourceDate "2009.01.10"]
[WhiteTeam "España"]
[BlackTeam "España"]
[WhiteTeamCountry "ESP"]
[BlackTeamCountry "ESP"]

1. d4 Nf6 2. Nf3 e6 3. e3 b6 4. c4 Bb7 5. Bd3 Bb4+ 6. Nbd2 Ne4 7. O-O Bxd2 8.
Nxd2 f5 9. f3 Ng5 10. b3 O-O 11. Bb2 d5 12. Qc2 Na6 13. a3 Qe7 14. Rae1 c6 15.
Rf2 Qf6 16. Rfe2 Rac8 17. e4 Rc7 18. exf5 exf5 19. b4 b5 20. cxb5 cxb5 21. Qb3
Qg6 22. Kh1 Qb6 23. h4 Qh6 24. g3 f4 25. Kg1 Nh3+ 26. Kg2 fxg3 27. Kxh3 Rf4 28.
Kg2 Rxh4 29. Rg1 Rh2+ 30. Kf1 Rxe2 31. Bxe2 Qxd2 32. Qd3 Qxb2 33. Qxb5 Rc1+ 34.
Kg2 Rxg1+ 35. Kxg1 Qxd4+ 36. Kh1 Qh4+ 0-1

[Event "Liga Vasca 2009 - 1D"]
[Site "País Vasco ESP"]
[Date "2009.02.14"]
[Round "5.33"]
[White "Salterain Gonzalez, Galder"]
[Black "Juez Villar, Erik"]
[Result "1/2-1/2"]
[WhiteElo "1984"]
[BlackElo "1968"]
[PlyCount "151"]
[EventDate "2009.01.10"]
[EventType "team"]
[EventRounds "9"]
[EventCountry "ESP"]
[Source "lmi"]
[SourceDate "2009.01.10"]
[WhiteTeam "España"]
[BlackTeam "España"]
[WhiteTeamCountry "ESP"]
[BlackTeamCountry "ESP"]

1. e4 c6 2. d4 d5 3. exd5 cxd5 4. c4 Nf6 5. Nc3 e6 6. Nf3 Bb4 7. Qb3 Nc6 8. Bg5
O-O 9. Be2 dxc4 10. Bxc4 Be7 11. Qd1 b6 12. O-O Bb7 13. Rc1 Rc8 14. Bd3 Nb4 15.
Bb1 Nbd5 16. Qd3 g6 17. Rfd1 Nxc3 18. Rxc3 Rxc3 19. Qxc3 Qa8 20. Ne5 Nd5 21.
Qg3 Bxg5 22. Qxg5 Qd8 23. Qh6 Qe7 24. Rd3 f6 25. Nxg6 hxg6 26. Rg3 g5 27. h4
Rf7 28. hxg5 f5 29. g6 Rg7 30. Rh3 Kf8 31. Qh8+ Rg8 32. Qe5 Nf6 33. Qb8+ Kg7
34. Qe5 Kxg6 35. Bxf5+ Kf7 36. Rc3 exf5 37. Rc7 Rxg2+ 38. Kf1 Rxf2+ 39. Ke1 Nd7
40. Qxe7+ Kxe7 41. Kxf2 Bd5 42. Rxa7 Kd6 43. Ke3 Be4 44. Ra3 b5 45. b3 Kc6 46.
Ra6+ Kb7 47. Re6 Nb6 48. Re7+ Ka6 49. Re6 Ka5 50. a3 Bd5 51. Re5 Bxb3 52. Rxf5
Ka4 53. Kd3 Kxa3 54. Kc3 Bc4 55. Kc2 Nd5 56. Rf3+ Kb4 57. Kb2 Nb6 58. Kc2 Nd5
59. Kb2 Be2 60. Rf2 Bd3 61. Rf3 Kc4 62. Rh3 Kxd4 63. Rh4+ Kc5 64. Rg4 Bc4 65.
Rh4 Kb4 66. Rh6 Nc3 67. Rh3 Na4+ 68. Kc2 Nc5 69. Rg3 Bb3+ 70. Kb2 Na4+ 71. Kb1
Ka3 72. Rg7 b4 73. Ra7 Bd1 74. Rd7 b3 75. Rb7 b2 76. Rb3+ 1/2-1/2

[Event "Liga Vasca 2009 - 1D"]
[Site "País Vasco ESP"]
[Date "2009.02.14"]
[Round "5.34"]
[White "Lauroba Elizaran, Fermin"]
[Black "Sampedro Garcia, Jose Luis"]
[Result "1/2-1/2"]
[WhiteElo "1932"]
[BlackElo "1882"]
[PlyCount "134"]
[EventDate "2009.01.10"]
[EventType "team"]
[EventRounds "9"]
[EventCountry "ESP"]
[Source "lmi"]
[SourceDate "2009.01.10"]
[WhiteTeam "España"]
[BlackTeam "España"]
[WhiteTeamCountry "ESP"]
[BlackTeamCountry "ESP"]

1. e4 e5 2. Nf3 d5 3. d4 dxe4 4. Nxe5 Bd6 5. Nc4 Be7 6. Be2 Nf6 7. O-O O-O 8.
Nc3 Nc6 9. d5 Nb4 10. Ne3 Bc5 11. a3 Bxe3 12. axb4 Bb6 13. Bg5 Bf5 14. Bc4 Qd6
15. Qd2 Ng4 16. Bf4 Qe7 17. Nd1 Qf6 18. Ne3 Bd7 19. Nxg4 Bxg4 20. Rfe1 Qg6 21.
Bf1 h5 22. c4 a6 23. c5 Ba7 24. Bxc7 Bb8 25. Bxb8 Raxb8 26. Qf4 Rfe8 27. Be2
Bf5 28. h4 Rbd8 29. Rad1 e3 30. fxe3 Re4 31. Qf2 Rxb4 32. Bf3 Rb5 33. e4 Bc8
34. Rd2 Qh6 35. Red1 Qf4 36. Rc2 Qe5 37. Qd4 Qg3 38. Qf2 Qe5 39. Qd2 Bd7 40.
Qg5 Qxg5 41. hxg5 g6 42. Rd4 Rc8 43. b4 a5 44. bxa5 Rcxc5 45. Rdc4 Rxc4 46.
Rxc4 Rxa5 47. Rc7 Ba4 48. Rxb7 Ra8 49. Kf2 Rd8 50. Ke3 Bd7 51. Kd4 Kf8 52. e5
Ke7 53. Be2 Kf8 54. Bc4 Kg8 55. Rc7 Kf8 56. Kc5 Ke8 57. Ba6 Ra8 58. Kb6 Kd8 59.
Rb7 Bc8 60. Ra7 Rb8+ 61. Kc5 Bd7 62. Bb7 Bc8 63. Bxc8 Rxc8+ 64. Kd6 Ke8 65.
Re7+ Kf8 66. Rc7 Re8 67. Rc2 Rd8+ 1/2-1/2

[Event "Liga Vasca 2009 - 1D"]
[Site "País Vasco ESP"]
[Date "2009.02.14"]
[Round "5.41"]
[White "Miguel Quintero, Francisco"]
[Black "Mombiela Martinez, Gonzalo"]
[Result "1/2-1/2"]
[WhiteElo "2274"]
[BlackElo "2081"]
[PlyCount "84"]
[EventDate "2009.01.10"]
[EventType "team"]
[EventRounds "9"]
[EventCountry "ESP"]
[Source "lmi"]
[SourceDate "2009.01.10"]
[WhiteTeam "España"]
[BlackTeam "España"]
[WhiteTeamCountry "ESP"]
[BlackTeamCountry "ESP"]

1. e4 c5 2. Nf3 Nc6 3. c3 Qa5 4. d3 d6 5. Be2 Nf6 6. O-O e6 7. Nbd2 Be7 8. a4
O-O 9. h3 Qc7 10. d4 cxd4 11. Nxd4 d5 12. Nb5 Qd8 13. exd5 Nxd5 14. Nf3 a6 15.
Nbd4 Nxd4 16. Nxd4 Qc7 17. Bf3 Rd8 18. Qe2 Bf6 19. Rd1 e5 20. Nc2 Be6 21. Be4
Nb6 22. Ne3 Nc4 23. Nd5 Bxd5 24. Rxd5 Nd6 25. Bc2 Nc4 26. Rd3 Re8 27. Rg3 g6
28. Rg4 Nb6 29. Bb3 Rad8 30. Qf3 Qc6 31. Rb4 e4 32. Qe2 Nd5 33. Bxd5 Qxd5 34.
Be3 Bg7 35. Qc4 Qxc4 36. Rxc4 Rd7 37. Kf1 f5 38. Ke2 Kf7 39. Rd1 Red8 40. Rxd7+
Rxd7 41. f3 exf3+ 42. Kxf3 Ke6 1/2-1/2

[Event "Liga Vasca 2009 - 1D"]
[Site "País Vasco ESP"]
[Date "2009.02.14"]
[Round "5.42"]
[White "Monje Peinado, Roberto"]
[Black "Miguel Quintero, Antonio"]
[Result "1/2-1/2"]
[WhiteElo "2020"]
[BlackElo "2184"]
[PlyCount "61"]
[EventDate "2009.01.10"]
[EventType "team"]
[EventRounds "9"]
[EventCountry "ESP"]
[Source "lmi"]
[SourceDate "2009.01.10"]
[WhiteTeam "España"]
[BlackTeam "España"]
[WhiteTeamCountry "ESP"]
[BlackTeamCountry "ESP"]

1. d4 d5 2. c4 e6 3. g3 Nf6 4. Bg2 Be7 5. Nf3 O-O 6. O-O dxc4 7. Ne5 c5 8. dxc5
Bxc5 9. Nxc4 Qc7 10. Qb3 Nc6 11. Be3 Nd4 12. Bxd4 Bxd4 13. e3 Bc5 14. Nc3 a6
15. Rac1 Rb8 16. Na4 b5 17. Nxc5 bxc4 18. Qa3 Qb6 19. Rxc4 Qxb2 20. Qxb2 Rxb2
21. Ra4 Rb6 22. Rd1 e5 23. h3 g6 24. Bf1 Rb2 25. Nd3 Rb5 26. Nb4 Rb6 27. Nxa6
Bf5 28. Rb4 Rc6 29. g4 Be6 30. Rb2 Nd5 31. a3 1/2-1/2

[Event "Liga Vasca 2009 - 1D"]
[Site "País Vasco ESP"]
[Date "2009.02.14"]
[Round "5.43"]
[White "Alcaide Luque, Aitor"]
[Black "Hernandorena De La Cruz, Egoi"]
[Result "1/2-1/2"]
[WhiteElo "2108"]
[BlackElo "2024"]
[PlyCount "65"]
[EventDate "2009.01.10"]
[EventType "team"]
[EventRounds "9"]
[EventCountry "ESP"]
[Source "lmi"]
[SourceDate "2009.01.10"]
[WhiteTeam "España"]
[BlackTeam "España"]
[WhiteTeamCountry "ESP"]
[BlackTeamCountry "ESP"]

1. d4 Nf6 2. Nf3 e6 3. c4 c5 4. e3 cxd4 5. exd4 d5 6. Nc3 Be7 7. Bg5 O-O 8. Bd3
a6 9. c5 Nc6 10. O-O b6 11. cxb6 Qxb6 12. Na4 Qd8 13. Rc1 Bd7 14. Nc5 Bxc5 15.
Rxc5 Qb6 16. Bxf6 gxf6 17. Qd2 Kg7 18. Rc3 Nxd4 19. Bxh7 Nc6 20. Bb1 Ne7 21.
Qd3 Rh8 22. Rfc1 Qd6 23. g3 e5 24. Nh4 e4 25. Qd4 Qe5 26. Qxe5 fxe5 27. f3 exf3
28. Nxf3 f6 29. Rc7 Rhc8 30. Kf2 Kf7 31. Ke3 Ke6 32. Rxc8 Rxc8 33. Rxc8 1/2-1/2

[Event "Liga Vasca 2009 - 1D"]
[Site "País Vasco ESP"]
[Date "2009.02.14"]
[Round "5.44"]
[White "Sevilla Subiza, Javier"]
[Black "Alcaide Rodriguez, Mikel"]
[Result "0-1"]
[WhiteElo "1859"]
[BlackElo "1741"]
[PlyCount "61"]
[EventDate "2009.01.10"]
[EventType "team"]
[EventRounds "9"]
[EventCountry "ESP"]
[Source "lmi"]
[SourceDate "2009.01.10"]
[WhiteTeam "España"]
[BlackTeam "España"]
[WhiteTeamCountry "ESP"]
[BlackTeamCountry "ESP"]

1. d4 Nf6 2. c4 e6 3. Nf3 d5 4. Bg5 Be7 5. e3 O-O 6. Bd3 h6 7. Bh4 Nbd7 8. O-O
b6 9. Nbd2 Bb7 10. Rc1 c5 11. Bb1 cxd4 12. Nxd4 dxc4 13. Nxc4 Rc8 14. Qa4 Nc5
15. Qxa7 Qd5 16. f3 Ra8 17. Qxb6 Nfd7 18. Qb4 Bxh4 19. Nb6 Nxb6 20. Rxc5 Qd8
21. Qb3 Bd5 22. Qc2 g6 23. Rd1 Qb8 24. e4 Bxa2 25. Bxa2 Rxa2 26. Qb3 Qa7 27.
Nc6 Qa4 28. Qd3 Rxb2 29. Rdc1 Bf2+ 30. Kh1 Bxc5 31. Rxc5 0-1

[Event "Liga Vasca 2009 - 1D"]
[Site "País Vasco ESP"]
[Date "2009.02.21"]
[Round "6.11"]
[White "Hamdouchi, Adina"]
[Black "Ugalde Ezcurra, Jose Miguel"]
[Result "1-0"]
[WhiteElo "2306"]
[BlackElo "2166"]
[PlyCount "151"]
[EventDate "2009.01.10"]
[EventType "team"]
[EventRounds "9"]
[EventCountry "ESP"]
[Source "lmi"]
[SourceDate "2009.01.10"]
[WhiteTeam "España"]
[BlackTeam "España"]
[WhiteTeamCountry "ESP"]
[BlackTeamCountry "ESP"]

1. d4 d6 2. Nf3 Nf6 3. g3 g6 4. Bg2 Bg7 5. O-O O-O 6. Re1 Nc6 7. e4 e5 8. h3
exd4 9. Nxd4 Bd7 10. Be3 Re8 11. Nc3 a6 12. a4 Ne5 13. b3 c5 14. Nde2 Bc6 15.
Qd2 Qa5 16. Qxd6 Ned7 17. Rad1 Rad8 18. Qd2 b5 19. axb5 axb5 20. Bg5 Nb6 21.
Nd5 Qxd2 22. Rxd2 Bxd5 23. exd5 Nfxd5 24. Red1 Rc8 25. Bxd5 Nxd5 26. Rxd5 Rxe2
27. Rxc5 Ree8 28. Rxc8 Rxc8 29. Rd8+ Rxd8 30. Bxd8 f5 31. Bb6 b4 32. Kf1 Kf7
33. Bc5 Bc3 34. Ke2 Ke6 35. f3 h5 36. Be3 Be5 37. Bf2 Kd5 38. Kd3 Bc3 39. g4
hxg4 40. hxg4 fxg4 41. fxg4 Ke5 42. Bg3+ Kd5 43. Bf4 Bf6 44. Ke3 Bc3 45. Bh6
Bb2 46. Bf8 Bc3 47. Be7 Ke5 48. Kd3 Ke6 49. Bg5 Kd5 50. Ke3 Bd4+ 51. Kd3 Be5
52. Bd2 Bd6 53. Ke3 Ke5 54. Be1 Kd5 55. Kd3 Be7 56. Bg3 Bf6 57. Bf4 Be7 58. Bd2
Bd6 59. Be3 Be5 60. Bh6 Bd6 61. Bg7 Bc5 62. Bf6 Bd6 63. Ke3 Ke6 64. Bh8 Kd5 65.
Bg7 Bg3 66. Ke2 Bf4 67. Bf8 Bd6 68. Bxd6 Kxd6 69. Kd3 Kd5 70. c4+ bxc3 71. Kxc3
Kc5 72. b4+ Kb5 73. Kb3 Kb6 74. Kc4 Kc6 75. b5+ Kb6 76. g5 1-0